000 00449nam a2200181Ia 4500
001 9244
005 20260306160709.0
008 260306t1949||||xx |||||||||||||| ||spa||
041 _aESP
082 _a378.001
_bN47
100 _aNewman, John Henry
_eAUT
245 0 _aOn the scope and nature of university education
260 _c1949
300 _axlvii, 259 páginas :
_c17 cm.
650 _aGEN
654 _aCED
942 _cLIB
_dJUS
_fJUS
_2ddc
_n
999 _c9244
_d9244